Studio Ghibli Movies - Statistics

General Stats
  • This quiz has been taken 195 times
  • The average score is 16 of 21
Answer Stats
Hint Answer % Correct
1988 : Sisters befriend playful spirits My Neighbor Totoro
93%
2004 : Sophie has an uneventful life at her late father's hat shop Howl's Moving Castle
92%
1986 : Pazu finds Sheeta floating down from the sky Laputa, Castle in the Sky
92%
2008 : Sea princess wants to live on land Ponyo
92%
1997 : Ashitaka is infected by an animal attack, seeks a cure from the deer-like god Princess Mononoke
91%
1992 : In Italy in the 1930s, sky pirates in biplanes terrorize wealthy cruise ships Porco Rosso
84%
2002 : High school student rescues a cat that was about to be run over The Cat Returns
83%
1988 : A story of two children from the port city of Kobe Grave of the Fireflies
79%
1989 : Young girl moves away in accordance with her village's tradition Kiki's Delivery Service
79%
2001 : Movie takes place in a seemingly abandoned amusement park Spirited Away
77%
1984 : Centuries after war has devastated the earth Nausicaä of the Valley of the Wind
76%
2010 : A tiny teenager, lives with her parents The Secret World of Arrietty
76%
2013 : A lifelong love of flight inspires Japanese aviation engineer Jiro Horikoshi The Wind Rises
74%
2013 : A tiny nymph found inside a bamboo stalk The Tale of the Princess Kaguya
72%
2014 : A young girl is sent to the country for health reasons, where she meets an unlikely friend When Marnie Was There
66%
2011 : A group of Yokohama teens look to save their school's clubhouse from the wrecking ball in preparations for the 1964 Tokyo Olympics From Up on Poppy Hill
64%
1994 : A forrest is threatened by urban development Pom Poko
63%
1995 : Shizuku aims to find this mysterious boy who may well be her soul mate. Whisper of the Heart
61%
1991 : Unmarried career woman Taeko Okajima takes extended holiday Only Yesterday
55%
2006 : A wizard must defeat a mysterious force threatens to plunge humanity into destruction and chaos Tales from Earthsea
55%
1999 : A movie about the lives of a modern Japanese family My Neighbors the Yamadas
43%
No matching quizzes found
Score Distribution
Percent of People with Each Score
Percentile by Number Answered
Your Score History
You have not taken this quiz